000 00540nam a2200193Ia 4500
999 _c2064
_d2064
020 _a81-7024-818-3
082 _a330.954 MIS-;
100 _aMisra, Baidyanath
245 0 _aEconomic profile of India
260 _aNew Delhi
_bA.P.H. Publishing
_c1997
300 _aix, 221p.
504 _aIncludes index
650 _aPopulation - Economic aspects - India
650 _aIndia - Economic policy
650 _aSocial problems - India
650 _aEmployment (Economic theory)
650 _aEconomic development - India
942 _cBK